000 00848cam a2200241 4500
008 000000n2000 000 0 eng u
020 _a1859460585
035 _a(Sirsi) u106145
050 _a692.8
110 _aRoyal Institute of British Architects
_92527
245 _aArchitect's guide to the contract administration forms for use with JCT Standard Form of Building Contract, JCT98.
250 _a2000 ed.
260 _aLondon : RIBA Publications, 2000
300 _a68p. ; 30cm
350 _a16.00
650 _aBUILT ENVIRONMENT-BUILDING CONTRACT FORMS
650 _aCONTRACT ADMINISTRATION FORMS
650 _aJCT STANDARD FORM OF BUILDING CONTRACT
650 _aJCT STANDARD FORM OF BUILDING CONTRACT (1998 EDITION)
690 _aBUILT ENVIRONMENT-BUILDING CONTRACT FORMS
700 _aCox, Stanley
_xEditor
942 _n0
999 _c100527
_d100527